Investigaciones en las cuevas de los Casares y de la Hoz (Record no. 14453)

MARC details
000 -LEADER
campo de control de longitud fija 00966nam a2200253 i 4500
001 - NÚMERO DE CONTROL
campo de control 14453
003 - IDENTIFICADOR DE NÚMERO DE CONTROL
campo de control ES-MaACL
005 - FECHA Y HORA DE LA ÚLTIMA TRANSACCIÓN
campo de control 20260203063026.0
007 - CAMPO FIJO DE DESCRIPCIÓN FÍSICA--INFORMACIÓN GENERAL
campo de control de longitud fija t|
008 - DATOS DE LONGITUD FIJA--INFORMACIÓN GENERAL
campo de control de longitud fija 990316s1998 sp a |||| | spa d
020 ## - NÚMERO INTERNACIONAL ESTÁNDAR DEL LIBRO
Número Internacional Estándar del Libro 84-86711-05-3
080 ## - NÚMERO DE LA CLASIFICACIÓN DECIMAL UNIVERSAL
Número de la Clasificación Decimal Universal 75.031.1(460.281)
080 ## - NÚMERO DE LA CLASIFICACIÓN DECIMAL UNIVERSAL
Número de la Clasificación Decimal Universal 903(460.281)
100 1# - ENTRADA PRINCIPAL--NOMBRE DE PERSONA
Nombre de persona Cabré Aguiló, Juan,
Fechas asociadas al nombre 1882-1947
9 (RLIN) 33266
245 10 - MENCIÓN DEL TÍTULO
Título Investigaciones en las cuevas de los Casares y de la Hoz
Resto del título : (1934-1941) /
Mención de responsabilidad, etc. Juan Cabré Aguiló ; (con la colaboración de María Encarnación Cabré Herreros).
260 ## - PUBLICACIÓN, DISTRIBUCIÓN, ETC.
Lugar de publicación, distribución, etc. Sigüenza :
Nombre del editor, distribuidor, etc. Librería Rayuela,
Fecha de publicación, distribución, etc. 1998.
300 ## - DESCRIPCIÓN FÍSICA
Extensión 154 p. :
Otras características físicas il. ;
Dimensiones 30 cm.
650 #4 - PUNTO DE ACCESO ADICIONAL DE MATERIA--TÉRMINO DE MATERIA
Término de materia o nombre geográfico como elemento de entrada Pintura rupestre-
Subdivisión geográfica Guadalajara (Provincia)
9 (RLIN) 16085
650 #4 - PUNTO DE ACCESO ADICIONAL DE MATERIA--TÉRMINO DE MATERIA
Término de materia o nombre geográfico como elemento de entrada Arte prehistórico-
Subdivisión geográfica España.
9 (RLIN) 151265
651 #4 - PUNTO DE ACCESO ADICIONAL DE MATERIA--NOMBRE GEOGRÁFICO
Nombre geográfico Cueva de los Casares (Guadalajara)-
Subdivisión general Restos arqueológicos prehistóricos.
9 (RLIN) 8126
700 1# - ENTRADA AGREGADA--NOMBRE PERSONAL
Nombre de persona Cabré, María de la Encarnación.
9 (RLIN) 33261
852 ## - LOCALIZACIÓN
Ubicación ES-MaACL
Número de control de estantería L-21704
Holdings
Estatus retirado Estado de pérdida Estado de daño No para préstamo Biblioteca de origen Biblioteca actual Ubicación en estantería Fecha de adquisición Fuente de adquisición Total de préstamos Signatura topográfica completa Código de barras Visto por última vez Precio de reemplazo Tipo de ítem Koha
        Biblioteca del Ateneo de Madrid Biblioteca del Ateneo de Madrid Depósito 2 17/01/2008     L-21704 1014701 23/02/2023 23/02/2023 Libro impreso